Harry Styles - Season 2 Weight Loss - All lyrics - Statistics

General Stats
  • This quiz has been taken 14 times
  • The average score is 208 of 284
Answer Stats
Answer % Correct
a
100%
I
100%
me
100%
And
89%
Do
89%
(Do
89%
Hoping
89%
huh
89%
in
89%
in,
89%
love
89%
(Love
89%
Love
89%
now
89%
now?
89%
now)
89%
Uh-huh,
89%
uh-huh,
89%
you
89%
you?
89%
You
89%
you?)
89%
are
78%
hold
78%
Holding,
78%
holding
78%
let
78%
Let
78%
my
78%
out
78%
the
78%
to
78%
will
78%
around
67%
come
67%
down
67%
down?
67%
sometimes
67%
your
67%
all
56%
Aren't
56%
but
56%
But
56%
for
56%
It's
56%
of
56%
own
56%
sit
56%
Too
56%
you're
56%
You're
56%
yourself
56%
at
44%
cashin'
44%
cold?
44%
got
44%
hard
44%
if
44%
kind
44%
many
44%
old
44%
sad
44%
sale
44%
tell
44%
there's
44%
things
44%
thoughts
44%
when
44%
while
44%
with
44%
You've
44%
analyze
33%
arms
33%
been
33%
closed
33%
could've
33%
eyes
33%
gets
33%
harder
33%
here
33%
know
33%
light
33%
nothing
33%
once
33%
or
33%
piece
33%
something
33%
steaming
33%
swinging
33%
want
33%
we're
33%
hat
22%
No matching quizzes found
Score Distribution
Percent of People with Each Score
Percentile by Number Answered
Your Score History
You have not taken this quiz